[Event "BLR-ch (Women) 52nd"]
[Site "Minsk"]
[Date "2008.03.13"]
[Round "4"]
[White "Lvova, Yulia"]
[Black "Savurko, Alexandra"]
[Result "1-0"]
[WhiteElo "2015"]
[BlackElo "2079"]
[PlyCount "93"]
[EventDate "2008.03.10"]
[EventType "swiss"]
[EventRounds "11"]
[EventCountry "BLR"]
[SourceTitle "CBM 123 Extra"]
[Source "ChessBase"]
[SourceDate "2008.05.06"]
[SourceVersion "1"]
[SourceVersionDate "2008.05.06"]
[SourceQuality "1"]

1. d4 d5 2. Nf3 Nf6 3. e3 c6 4. c4 e6 5. Nbd2 Nbd7 6. Bd3 Bd6 7. 0-0 0-0 8. e4 dxe4 9. Nxe4 Nxe4 10. Bxe4 f5 11. Bc2 c5 12. Qe2 Qf6 13. Bg5 Qg6 14. Be3 b6 15. dxc5 Nxc5 16. Rad1 Bc7 17. Bxc5 bxc5 18. Ne5 Qf6 19. f4 g5 20. Rde1 gxf4 21. Rxf4 Kh8 22. Rf3 Bb7 23. Rf2 Rg8 24. Qe3 Rg7 25. Bd3 Rag8 26. Bf1 Qh4 27. Ree2 Be4 28. Qc3 Bxe5 29. Qxe5 Bd3 30. Rd2 Bxf1 31. Rxf1 Qxc4 32. Rd7 Qg4 33. Rxg7 Qxg7 34. Qe2 Qd4+ 35. Kh1 Qd5 36. a3 Rg4 37. h3 Qe4 38. Qd2 Rg8 39. Re1 Qc6 40. Qc3+ Rg7 41. Re2 Kg8 42. Qf6 Rg6 43. Qd8+ Kf7 44. Rd2 Kg7 45. Rd7+ Qxd7 46. Qxd7+ Kh6 47. Qxa7 1-0

[Event "EU-Cup (Women) 12th"]
[Site "Kemer"]
[Date "2007.10.08"]
[Round "6.4"]
[White "Kesim, Ayse Hazan"]
[Black "Savurko, Alexandra"]
[Result "0-1"]
[WhiteElo "1650"]
[BlackElo "2088"]
[PlyCount "139"]
[EventDate "2007.10.03"]
[EventType "team-swiss"]
[EventRounds "7"]
[EventCountry "TUR"]
[SourceTitle "EXT 2013"]
[Source "ChessBase"]
[SourceDate "2012.11.22"]
[SourceVersion "1"]
[SourceVersionDate "2012.11.22"]
[SourceQuality "1"]
[WhiteTeam "Tarsus Zeka (W)"]
[BlackTeam "Minsk BGU (W)"]
[WhiteTeamCountry "TUR"]
[BlackTeamCountry "BLR"]

1. e4 e6 2. d4 d5 3. Nc3 Bb4 4. e5 c5 5. a3 Bxc3+ 6. bxc3 Ne7 7. Nf3 0-0 8. Be2 Nbc6 9. 0-0 Ng6 10. Be3 c4 11. Qd2 f6 12. exf6 Qxf6 13. Bg5 Qf7 14. Nh4 Bd7 15. Nxg6 Qxg6 16. Bf4 Qf5 17. Bg3 Be8 18. h3 Bg6 19. Bg4 Qf6 20. Rae1 Rfe8 21. Re2 h5 22. Bf3 Ne7 23. Rfe1 Nf5 24. Be5 Qe7 25. Bf4 Qd7 26. Bg5 Rac8 27. Qf4 Rc6 28. g4 hxg4 29. Bxg4 Rf8 30. Qd2 Qf7 31. f3 Bh5 32. Qf4 Bxg4 33. fxg4 Ne7 34. Qxf7+ Kxf7 35. Rf2+ Ke8 36. Rxf8+ Kxf8 37. Rf1+ Ke8 38. Re1 Ng8 39. Rf1 Ra6 40. Ra1 Nf6 41. Bxf6 gxf6 42. h4 Rb6 43. h5 Kf7 44. Rf1 Kg7 45. a4 Ra6 46. Rb1 Rb6 47. Re1 Kh6 48. a5 Rc6 49. Kg2 Kg5 50. Kg3 b6 51. axb6 Rxb6 52. Rh1 a5 53. h6 Rb8 54. h7 Rh8 55. Re1 Rxh7 56. Rxe6 Rh4 57. Ra6 Rxg4+ 58. Kf3 Rf4+ 59. Ke3 Kg4 60. Rxa5 Rf3+ 61. Kd2 Rf5 62. Ra8 Kf3 63. Re8 Kg4 64. Re2 Rh5 65. Rf2 f5 66. Rg2+ Kf3 67. Re2 f4 68. Re5 Kg4 69. Ke1 Rxe5+ 70. dxe5 0-1

[Event "EU-Cup (Women) 12th"]
[Site "Kemer"]
[Date "2007.10.06"]
[Round "4.4"]
[White "Jahn, Constanze"]
[Black "Savurko, Alexandra"]
[Result "1-0"]
[WhiteElo "2188"]
[BlackElo "2088"]
[PlyCount "107"]
[EventDate "2007.10.03"]
[EventType "team-swiss"]
[EventRounds "7"]
[EventCountry "TUR"]
[SourceTitle "EXT 2013"]
[Source "ChessBase"]
[SourceDate "2012.11.22"]
[SourceVersion "1"]
[SourceVersionDate "2012.11.22"]
[SourceQuality "1"]
[WhiteTeam "Halle USV (W)"]
[BlackTeam "Minsk BGU (W)"]
[WhiteTeamCountry "GER"]
[BlackTeamCountry "BLR"]

1. e4 e6 2. d3 c5 3. g3 g6 4. Bg2 Bg7 5. f4 Nc6 6. Nf3 Nge7 7. 0-0 0-0 8. c3 d6 9. Be3 Rb8 10. d4 cxd4 11. cxd4 d5 12. e5 Nf5 13. Bf2 h5 14. Nc3 b6 15. Re1 Ba6 16. a3 Na5 17. b4 Nc4 18. b5 Bb7 19. Nd2 Rc8 20. Nxc4 Rxc4 21. Na2 Qd7 22. Rb1 Rfc8 23. h3 Bf8 24. a4 Qe7 25. g4 hxg4 26. hxg4 Nh4 27. Re3 Nxg2 28. Kxg2 Rc2 29. Re2 Rxe2 30. Qxe2 Qa3 31. f5 Qxa4 32. fxg6 fxg6 33. Qd3 Qc2 34. Qxc2 Rxc2 35. Nb4 Rc4 36. Nd3 Bc8 37. Ra1 Rc7 38. Nf4 Kg7 39. Bh4 Bd7 40. Bf6+ Kf7 41. Rh1 g5 42. Rh7+ Kg8 43. Rh8+ Kf7 44. Rh7+ Kg8 45. Rh8+ Kf7 46. Nh3 Rc2+ 47. Kf3 Rc3+ 48. Kf2 Rxh3 49. Rxh3 Bxb5 50. Rh7+ Kg6 51. Rxa7 Be8 52. Rb7 b5 53. Rb8 Kf7 54. Bxg5 1-0

[Event "EU-Cup (Women) 12th"]
[Site "Kemer"]
[Date "2007.10.04"]
[Round "2.4"]
[White "Dincok, Gozde"]
[Black "Savurko, Alexandra"]
[Result "1/2-1/2"]
[WhiteElo "1755"]
[BlackElo "2088"]
[PlyCount "102"]
[EventDate "2007.10.03"]
[EventType "team-swiss"]
[EventRounds "7"]
[EventCountry "TUR"]
[SourceTitle "EXT 2013"]
[Source "ChessBase"]
[SourceDate "2012.11.22"]
[SourceVersion "1"]
[SourceVersionDate "2012.11.22"]
[SourceQuality "1"]
[WhiteTeam "Turk Hava Yollari (W)"]
[BlackTeam "Minsk BGU (W)"]
[WhiteTeamCountry "TUR"]
[BlackTeamCountry "BLR"]

1. e4 e6 2. d4 d5 3. Nd2 c5 4. exd5 Qxd5 5. Ngf3 cxd4 6. Bc4 Qd6 7. 0-0 Nc6 8. Nb3 Nf6 9. Nbxd4 Nxd4 10. Qxd4 Qxd4 11. Nxd4 a6 12. Be2 Be7 13. Bf3 0-0 14. Nb3 Rd8 15. Bf4 Nd5 16. Bd2 Bf6 17. Rad1 Re8 18. Rfe1 Bd7 19. c4 Ne7 20. Bxb7 Ra7 21. Bf3 Ba4 22. Bc3 Bxc3 23. bxc3 Rc7 24. Be2 Nc6 25. Rd6 Nb8 26. Red1 Kf8 27. R1d2 Ke7 28. Na5 Rec8 29. R6d4 Nd7 30. Rd6 Nc5 31. Bf3 Rb8 32. h3 Be8 33. Nc6+ Bxc6 34. Rxc6 Rxc6 35. Bxc6 Rb1+ 36. Kh2 Rc1 37. Bf3 Rxc3 38. Rb2 Rxc4 39. Be2 Rc3 40. Rb6 Ra3 41. Bc4 Ra4 42. Bb3 Nxb3 43. axb3 Ra2 44. f3 h5 45. h4 g6 46. Kg3 Kf6 47. f4 Ra3 48. Kf2 Ke7 49. Rb7+ Kd6 50. Rxf7 Rxb3 51. Ra7 Ra3 1/2-1/2

[Event "BLR-ch (Women)"]
[Site "Minsk"]
[Date "2007.03.06"]
[Round "6"]
[White "Popova, Natalija"]
[Black "Savurko, Alexandra"]
[Result "1/2-1/2"]
[WhiteElo "2233"]
[BlackElo "2081"]
[PlyCount "115"]
[EventDate "2007.03.01"]
[EventType "tourn"]
[EventRounds "11"]
[EventCountry "BLR"]
[SourceTitle "EXT 2010"]
[Source "ChessBase"]
[SourceDate "2010.11.25"]
[SourceVersion "1"]
[SourceVersionDate "2010.11.25"]
[SourceQuality "1"]

1. e4 e5 2. Nf3 Nf6 3. Nxe5 d6 4. Nf3 Nxe4 5. c4 Nc6 6. Nc3 Nxc3 7. dxc3 Be7 8. Be2 0-0 9. 0-0 Bf5 10. Be3 Bf6 11. Qd2 Qd7 12. Rad1 Rad8 13. h3 Bg6 14. Nh2 Qf5 15. f4 Qc2 16. Ng4 Bh4 17. Bf2 Qxd2 18. Rxd2 Bxf2+ 19. Nxf2 Rfe8 20. Bf3 f6 21. Rfd1 Bf7 22. b3 Kf8 23. Kf1 a5 24. a4 Rb8 25. Nd3 Nd8 26. Kf2 b6 27. Bd5 Bxd5 28. cxd5 f5 29. b4 axb4 30. cxb4 Ra8 31. Nb2 Re4 32. Rd4 Rxd4 33. Rxd4 Ke7 34. Rd1 Kd7 35. Kf3 Nb7 36. Re1 Rf8 37. Re3 Rf6 38. Nc4 h5 39. g3 Rh6 40. Ra3 Rh8 41. Ne3 Rf8 42. Nc2 Ra8 43. Nd4 g6 44. Nc6 Nd8 45. Nd4 c6 46. dxc6+ Nxc6 47. Nc2 d5 48. Rd3 Kd6 49. b5 Ne7 50. Ra3 Kc5 51. Rc3+ Kd6 52. Ra3 Kc5 53. Ke3 d4+ 54. Nxd4 Nd5+ 55. Kd3 Nb4+ 56. Kc3 Nd5+ 57. Kd3 Nb4+ 58. Kc3 1/2-1/2

[Event "BLR-ch (Women)"]
[Site "Minsk"]
[Date "2007.03.05"]
[Round "5"]
[White "Savurko, Alexandra"]
[Black "Minina, Alena"]
[Result "1/2-1/2"]
[WhiteElo "2081"]
[BlackElo "2029"]
[PlyCount "73"]
[EventDate "2007.03.01"]
[EventType "tourn"]
[EventRounds "11"]
[EventCountry "BLR"]
[SourceTitle "EXT 2010"]
[Source "ChessBase"]
[SourceDate "2010.11.25"]
[SourceVersion "1"]
[SourceVersionDate "2010.11.25"]
[SourceQuality "1"]

1. d4 d5 2. Bg5 Nf6 3. Bxf6 exf6 4. e3 c6 5. Bd3 Bd6 6. Nc3 Na6 7. a3 Nc7 8. Qf3 0-0 9. Nge2 h6 10. g4 Be6 11. h4 g6 12. 0-0-0 b5 13. Rdg1 Be7 14. Ng3 Kg7 15. h5 g5 16. Nf5+ Bxf5 17. Qxf5 Rh8 18. e4 a5 19. exd5 cxd5 20. Re1 Qd6 21. Rh3 Rad8 22. Rhe3 Bf8 23. Kd2 Qd7 24. Qxd7 Rxd7 25. Bf5 Rd8 26. a4 Bb4 27. Kd3 bxa4 28. Ra1 a3 29. bxa3 Bd6 30. a4 Rb8 31. Bd7 Rb4 32. Rb1 Rhb8 33. Ree1 Kf8 34. Rxb4 Rxb4 35. Rb1 Rxb1 36. Nxb1 Ke7 37. Bf5 1/2-1/2

[Event "BLR-ch U20 Girls"]
[Site "Minsk"]
[Date "2006.04.10"]
[Round "4"]
[White "Homiakova, Ekaterina"]
[Black "Savurko, Alexandra"]
[Result "1/2-1/2"]
[WhiteElo "1988"]
[BlackElo "2145"]
[PlyCount "83"]
[EventDate "2006.04.07"]
[EventType "tourn"]
[EventRounds "7"]
[EventCountry "BLR"]
[SourceTitle "EXT 2007"]
[Source "ChessBase"]
[SourceDate "2006.11.23"]
[SourceVersion "1"]
[SourceVersionDate "2006.11.23"]
[SourceQuality "1"]

1. e4 c5 2. Nf3 Nc6 3. d4 cxd4 4. Nxd4 Nf6 5. Nc3 e6 6. Ndb5 Bb4 7. a3 Bxc3+ 8. Nxc3 d5 9. exd5 exd5 10. Bd3 0-0 11. 0-0 h6 12. Re1 Bg4 13. f3 Be6 14. Ne2 d4 15. Bf4 Nd5 16. Bg3 Qf6 17. Qd2 Rfd8 18. Bf2 a6 19. Rad1 Nb6 20. Be4 Nc4 21. Qc1 Ne3 22. Bxe3 dxe3 23. Nc3 Ne5 24. Rxe3 Rxd1+ 25. Nxd1 Qg5 26. Nc3 Nc4 27. Re1 Qxc1 28. Rxc1 Nxb2 29. Bxb7 Ra7 30. Be4 Nc4 31. a4 Rc7 32. Nd5 Rd7 33. Nf4 Nd2 34. Bd3 Bc4 35. Rd1 Bxd3 36. Nxd3 Nc4 37. Rb1 Na3 38. Rb8+ Kh7 39. Nc5 Rd4 40. Nxa6 Nxc2 41. a5 Rd5 42. Nb4 1/2-1/2

[Event "Wch U18 Girls"]
[Site "Belfort"]
[Date "2005.07.24"]
[Round "6"]
[White "Choisy, Mathilde"]
[Black "Savurko, Alexandra"]
[Result "0-1"]
[WhiteElo "2113"]
[BlackElo "2138"]
[PlyCount "44"]
[EventDate "2005.07.19"]
[EventType "swiss"]
[EventRounds "11"]
[EventCountry "FRA"]
[SourceTitle "CBM 107 Extra"]
[Source "ChessBase"]
[SourceDate "2005.09.01"]
[SourceVersion "1"]
[SourceVersionDate "2005.09.01"]
[SourceQuality "1"]

1. e4 e6 2. d4 d5 3. Nc3 dxe4 4. Nxe4 Qd5 5. Bd3 Nf6 6. Nxf6+ gxf6 7. Nf3 Nc6 8. c3 Bd7 9. 0-0 0-0-0 10. b4 Qh5 11. b5 Ne7 12. c4 Rg8 13. Re1 e5 14. Be3 Bg4 15. Be2 Nf5 16. Kh1 Nxe3 17. fxe3 Bd6 18. c5 Bxc5 19. Qa4 exd4 20. exd4 Bd6 21. Ne5 fxe5 22. dxe5 Bxe2 0-1